[Event "Corus"]
[Site "Wijk aan Zee NED"]
[Date "2002.01.26"]
[Round "12"]
[White "Gurevich,M"]
[Black "Piket,Je"]
[Result "0-1"]
[WhiteElo "2641"]
[BlackElo "2659"]
[EventDate "2002.01.12"]

1. d4 Nf6 2. c4 c5 3. d5 e5 4. Nc3 d6 5. e4 Be7 6. h3 Nbd7 7. Bd3 a6 8. Nf3
Rb8 9. a3 O-O 10. a4 Nh5 11. Ne2 g6 12. g4 Ng7 13. Bh6 Nf6 14. Ng3 Kh8 15.
Qc2 Bd7 16. a5 b5 17. axb6 Qxb6 18. Ra2 a5 19. Bd2 a4 20. Bc3 Ng8 21. Ra3
Rb7 22. Kf1 Bd8 23. Kg2 Qc7 24. Qd2 f5 25. exf5 gxf5 26. Bc2 Ne7 27. Qh6
Ng6 28. Ng5 Bxg5 29. Qxg5 Rb4 30. gxf5 Bxf5 31. Nxf5 Nxf5 32. h4 Rxc4 33.
h5 Nf4+ 34. Kh2 h6 35. Qg4 Rg8 36. Bxf5 Rxg4 37. Bxg4 Qe7 38. Be1 Rc1 39.
Kg3 Qg5 40. Rxa4 Ne2+ 41. Kh3 Nf4+ 42. Kg3 c4 43. Ra8+ Kg7 44. Ra7+ Kf6 45.
Rd7 Rxe1 46. Rxe1 Nxh5+ 47. Kh3 Nf4+ 48. Kg3 h5 49. f3 hxg4 50. fxg4 Nxd5
51. Rxd6+ Ke7 52. Rxd5 Qf4+ 53. Kg2 Qxg4+ 54. Kf2 Qh4+ 0-1